000 00331nam a22001457a 4500
008 210310b ||||| |||| 00| 0 eng d
020 _a2900072996868
041 _aeng
080 _24th
_a334.7
082 _a334.7
100 _a55
101 _aMF
245 _aInternational Financial Management
_cEun,Ch.S
942 _2udc
_cBK
999 _c56219
_d56219